Adquisición y desenvolvimiento del lenguaje II
保存先:
| 共著者: | , |
|---|---|
| フォーマット: | 図書 |
| 言語: | スペイン語 |
| 出版事項: |
Ciudad de México
SEP
2000
|
| シリーズ: | Programa y Materiales de Apoyo para el Estudio 3er Semestre
|
| 主題: | |
| タグ: |
タグ追加
タグなし, このレコードへの初めてのタグを付けませんか!
|
MARC
| LEADER | 00000nam a2200000 a 4500 | ||
|---|---|---|---|
| 001 | UCN6751 | ||
| 003 | CL-VaPUC | ||
| 008 | 011005e20000000MX |||||||||||||||||spa|d | ||
| 082 | 0 | 4 | |a 372.21 |b SEC |2 21 |
| 110 | 2 | |a Secretaría de Educación Pública |e author |9 462550 | |
| 710 | 2 | |a SEP |e author |9 462551 | |
| 245 | 1 | 0 | |a Adquisición y desenvolvimiento del lenguaje II |
| 300 | |a 158 p | ||
| 942 | |c BK | ||
| 945 | |d 20011005 00:00:00 |a cmena | ||
| 260 | |a Ciudad de México |b SEP |c 2000 | ||
| 500 | |a Programa para la Transformación y el Fortalecimiento Académicos de las Escuelas Normales | ||
| 500 | |a Licenciatura en Educación Preescolar | ||
| 650 | 0 | |a Educación preescolar |9 260381 | |
| 650 | 0 | |a Educación lingüística |9 306506 | |
| 650 | 0 | |a Métodos de enseñanza |9 270413 | |
| 583 | |a last modification |c 20011005 00:00:00 |k Rodrigo Vera | ||
| 490 | 0 | |a Programa y Materiales de Apoyo para el Estudio 3er Semestre | |
| 999 | |c 297433 |d 297431 | ||
| 952 | |0 0 |1 0 |4 0 |6 372_210000000000000_SEC_2000 |7 0 |8 A |9 352153 |a BIBEDU |b BIBEDU |d 2019-11-21 |i 3758893 |o 372.21 SEC 2000 |p 3758893 |r 2019-11-21 |w 2019-11-21 |y BK |k EPE | ||